000
00263nam a2200097Ia 4500
001
685050
005
20250826161510.0
008
250824s9999 xx 000 0 und d
245
0
_a
ŞİİR DENİZİ 1/Ü.Y.OĞUZCAN/EVEREST
_c
ÜMİT YAŞAR OĞUZCAN
260
_b
EVEREST
999
_c
685050
_d
685050